Brega de libertad /

Guardado en:
Autor Principal: Sanguily, Manuel.
Otros Autores: Ardura, Ernesto, (pról., selección.)
Formato: Libro
Idioma:Undetermined
Publicado: La Habana : Publicaiones del Ministerio de Educación., 1950.
Materias:
Etiquetas: Agregar Etiqueta
Sin Etiquetas, Sea el primero en etiquetar este registro!
LEADER 00585nam a22001695a 4500
001 EHU.bham048376
005 20110926110153.0
008 110926s1950####xx############000#0#und#d
100 1 |a Sanguily, Manuel. 
245 0 0 |a Brega de libertad /  |c Manuel Sanguily; selección y prólogo de Ernesto Ardura. 
260 |a La Habana :  |b Publicaiones del Ministerio de Educación.,  |c 1950. 
300 |a 324 p. 
653 |a Cuba. 
653 |a Historia. 
653 |a Guerra grande. 
700 1 |a Ardura, Ernesto,  |e pról.  |e selección. 
859 |a AR-BHAM  |b BIB. HUMANIDADES - Donacion Lejarraga  |h MFN002595  |p 002595.19